00663nam a2200241 a 45000010008000000030004000080050017000120080041000290100017000700200015000870400013001020500023001150820015001381000016001532450076001692600029002453000013002745040051002876500025003386500019003637000017003827000022003991058465OSt20200608141958.0900322s1987 enka b 001 0 eng c a 90134545  a0861876091 aMHcoclc14aJX1391b.P65 1987b a327bBOY/P aBoyd, Gavin00aPolitical change and foreign policies /cGavin Boyd ; Gerald W. Hopple. aLondon :bPinter,c1987. a278 p. : aIncludes bibliographical references and index. 0aPolitical stability. 0aSocial change.1 aBoyd, Gavin.1 aHopple, Gerald W.